| LEADER | 00648cam a2200217Ia 4500 | ||
|---|---|---|---|
| 001 | 001068942-7 | ||
| 005 | 20020606090541.3 | ||
| 008 | 790324s1957 oncbf b 00110 eng d | ||
| 035 | 0 | |a ocm04773840 | |
| 040 | |a CLE |c CLE |d m.c. | ||
| 043 | |a n-cn--- | ||
| 100 | 1 | |a Creighton, Donald Grant. | |
| 245 | 1 | 0 | |a Dominion of the north : |b a history of Canada / |c by Donald Creighton. |
| 250 | |a New ed. | ||
| 260 | 0 | |a Toronto : |b Macmillan Company of Canada, |c 1957. | |
| 300 | |a ix, 619 p., [6] leaves of plates : |b maps ; |c 23 cm. | ||
| 500 | |a Includes index. | ||
| 504 | |a Bibliography: p. 583-589. | ||
| 651 | 0 | |a Canada |x History. | |
| 988 | |a 20020608 | ||
| 906 | |0 OCLC | ||


